Egipto antiguo

I tiakina i:
Ngā taipitopito rārangi puna kōrero
Ngā kaituhi matua: Nicholson, Robert (autor), Watts, Claire (Author)
Hōputu: Pukapuka
Reo:Pāniora
I whakaputaina: Santiago Taller Uno 1999
Putanga:1a. ed
Rangatū:Metrópolis Intercom
Ngā marau:
Ngā Tūtohu: Tāpirihia he Tūtohu
Kāore He Tūtohu, Me noho koe te mea tuatahi ki te tūtohu i tēnei pūkete!

MARC

LEADER 00000nam a2200000 a 4500
001 UCH7276
003 CL-VaPUC
008 091109e19990000CL |||||||||||||||||spa|d
020 |a 1854340573 
082 0 4 |a 932  |b NIC  |2 21 
100 |a Nicholson, Robert  |e autor  |9 543699 
700 0 |a Watts, Claire  |e author  |9 543700 
245 1 0 |a Egipto antiguo 
250 |a 1a. ed 
300 |a 31 p 
942 |c BK 
945 |d 20091109 00:00:00  |a ccalabra 
260 |a Santiago  |b Taller Uno  |c 1999 
650 0 |a Historia universal  |9 266877 
650 0 |a Costumbres y tradiciones   |9 268292 
650 7 |a IMPERIO EGIPCIO  |2 CL-VaPUC  |9 438900 
651 0 |a Egipto   |9 268199 
583 |a last modification  |c 20091109 00:00:00  |k Rodrigo Vera 
490 0 |a Metrópolis Intercom 
999 |c 337934  |d 337932